000 00438nam a22001697a 4500
003 BD-ChCU
005 20251130095107.0
008 251130b bg ||||| |||| 00| 0 ben d
040 _cBD-ChCU
082 _a170 SPD
100 _aSpencer , Herbert.
_917118
245 _aThe data of ethics./
_cHerbert , Spencer.
260 _aNew York :
_bAppleton,
_cC 1880
300 _aviii , 288p
650 0 _aEthics.
_917121
942 _2ddc
_cBK
_n0
999 _c109946
_d109946